TRANSCRIPTION

Bibliographic Details
Main Author: Atkinson, Kate (Author)
Format: Book
Language:English
Published: London : Doubleday 2018
Subjects:

MARC

LEADER 00000cam a2200000 7i4500
001 0000129768
005 20190107.0
008 190107s2017 us a 0 eng
020 |a 9780857525895 
040 |a PERPUSTAM   |b eng   |c PERPUSTAM   |e rda 
090 0 0 |a 813.6   |b ATK 
100 1 |a Atkinson, Kate ,   |e author 
245 1 0 |a TRANSCRIPTION   |c Kate Atkinson 
264 1 |a London :   |b Doubleday   |c 2018 
300 |a 336 pages ;   |c 24 cm. 
336 |a text, rdacontent 
337 |a unmediated  |2 rdamedia 
338 |a volume  |2 rdacarrier 
650 1 0 |a Great Britain. MI5   |x Fiction 
650 2 0 |a Employees 
650 2 0 |a Great Britain. MI5 
650 2 0 |a Great Britain. MI5   |x Officials and employees   |x Fiction 
650 2 0 |a Nineteen fifties 
650 2 0 |a Suspense fiction 
999 |a 0000541811   |b Buku   |c Rak Terbuka   |e Perbadanan Perpustakaan Awam Melaka